[Event "Let's Play Chess!"]
[Site "http://www.queenalice.com/game.php?id=1821347"]
[Date "2023.9.21"]
[Round "-"]
[White "TheGM"]
[Black "Olavio"]
[Result "1-0"]
[WhiteElo "1849"]
[BlackElo "1995"]

1. d4 d5 2. c4 dxc4 3. e4 Qd6 4. Nc3 g6 5. Bxc4 Bg7 6. Nf3 Bg4 7. e5 Qb4 8.
Bxf7+ Kxf7 9. Ng5+ Ke8 10. Qxg4 Qc4 11. Qc8# 1-0

[Event "Let's Play Chess!"]
[Site "http://www.queenalice.com/game.php?id=1821364"]
[Date "2023.9.23"]
[Round "-"]
[White "Scar"]
[Black "TheGM"]
[Result "0-1"]
[WhiteElo "1797"]
[BlackElo "1500"]

1. e4 e5 2. Nf3 Nc6 3. d4 exd4 4. Nxd4 Nf6 5. Qd3 Bb4+ 6. c3 Bc5 7. Nxc6 bxc6 8.
b4 Bb6 9. Bg5 Bxf2+ 10. Kxf2 Ng4+ 11. Kg1 Qxg5 12. Nd2 a5 13. h4 Qf4 14. Nf3 Ba6
15. c4 Bxc4 16. Qd4 Bxf1 17. Rxf1 axb4 18. Nd2 Qe5 19. Qc4 Rxa2 20. Qxf7+ Kd8
21. Qxa2 Qd4+ 0-1

[Event "AUTO-OPEN-4474"]
[Site "http://www.queenalice.com/game.php?id=1821524"]
[Date "2023.9.24"]
[Round "1"]
[White "TheGM"]
[Black "Daniel1962"]
[Result "1-0"]
[WhiteElo "2201"]
[BlackElo "1734"]

1. e4 e5 2. Nf3 d6 3. d4 Bg4 4. Nc3 Nc6 5. Bb5 Ne7 6. d5 a6 7. Ba4 b5 8. Nxb5
axb5 9. Bxb5 Bd7 10. dxc6 Bxc6 11. Bxc6+ Nxc6 12. c3 Na5 13. b4 Nc4 14. a4 Be7
15. Qd3 Nb6 16. a5 Nd7 17. O-O O-O 18. Rd1 Nf6 19. b5 h6 20. c4 Nh5 21. Nxe5
dxe5 22. Qf3 Qb8 23. Qxh5 Bf6 24. Be3 Qc8 25. Qf5 Qxf5 26. exf5 Rac8 27. a6 e4
28. Ra2 Rfe8 29. a7 Ra8 30. g3 Re5 31. Rd7 Rxf5 32. Rxc7 Be5 33. Rd7 Kh7 34. b6
Rc8 35. b7 Rxc4 36. a8=Q Rb4 37. Qe8 Rb1+ 38. Kg2 Kg6 39. Ra6+ Kh5 40. Rxf7 Rxf7
41. Qxf7+ Kg4 42. h3# 1-0

[Event "AUTO-OPEN-4474"]
[Site "http://www.queenalice.com/game.php?id=1821525"]
[Date "2023.9.24"]
[Round "1"]
[White "Daniel1962"]
[Black "TheGM"]
[Result "0-1"]
[WhiteElo "1696"]
[BlackElo "2182"]

1. e4 e5 2. Nf3 Nc6 3. d4 exd4 4. Nxd4 Nf6 5. f3 d5 6. exd5 Qxd5 7. Be3 Qe5 8.
Qd3 Nd5 9. Qe4 Qxe4 10. fxe4 Nxe3 11. Bb5 Bd7 12. Nxc6 Nxc2+ 13. Kf2 bxc6 14.
Bc4 Bc5+ 15. Ke2 Nxa1 16. Kd2 Rd8 17. Nc3 Be6+ 18. Kc1 Bxc4 19. Kb1 Rd2 20. b3
Bd3+ 21. Kxa1 Bd4 22. Rc1 O-O 23. e5 Bxe5 24. h4 Re8 25. g4 Bxc3+ 0-1

[Event "AUTO-OPEN-4474"]
[Site "http://www.queenalice.com/game.php?id=1821528"]
[Date "2023.9.24"]
[Round "1"]
[White "TheGM"]
[Black "Pumpernickel"]
[Result "1-0"]
[WhiteElo "2182"]
[BlackElo "2005"]

1. d4 Nf6 2. c4 e6 3. Nf3 d5 4. g3 Bb4+ 5. Bd2 Bxd2+ 6. Nbxd2 O-O 7. Bg2 dxc4 8.
Nxc4 Nbd7 9. Rc1 c6 10. O-O Nb6 11. Na5 Qc7 12. b4 a6 13. Qc2 Nbd5 14. a3 Bd7
15. e4 Ne7 16. Rfd1 Rad8 17. Ne5 Ng6 18. Qc3 Bc8 19. Nd3 Rfe8 20. a4 Qb6 21. Nc5
Qa7 22. Nc4 h6 23. a5 Nd7 24. Nd6 1-0

[Event "AUTO-OPEN-4474"]
[Site "http://www.queenalice.com/game.php?id=1821529"]
[Date "2023.9.24"]
[Round "1"]
[White "Pumpernickel"]
[Black "TheGM"]
[Result "0-1"]
[WhiteElo "1992"]
[BlackElo "2092"]

1. e4 e5 2. Nf3 Nc6 3. Bc4 Bc5 4. O-O Nf6 5. Nc3 d6 6. h3 h6 7. d3 g5 8. Be3 g4
9. hxg4 Bxg4 10. Bxc5 dxc5 11. Qd2 Bxf3 0-1

[Event "Challenge"]
[Site "http://www.queenalice.com/game.php?id=1823122"]
[Date "2023.10.16"]
[Round "-"]
[White "ClivetheBeard"]
[Black "TheGM"]
[Result "1-0"]
[WhiteElo "2704"]
[BlackElo "2201"]

1. d3 Nf6 2. Bg5 d5 3. Nf3 c5 4. Nbd2 Nc6 5. e4 h6 6. Bh4 g5 7. Bg3 Nh5 8. Be5
Rg8 9. h3 Nf4 10. c3 Nxe5 11. Nxe5 Bg7 12. Qa4+ Kf8 13. Nef3 Bd7 14. Qc2 d4 15.
g3 Ng6 16. cxd4 cxd4 17. Bg2 Rc8 18. Qb3 Rc7 19. a4 Bf6 20. Nc4 Be6 21. Qb5 Bxc4
22. dxc4 a6 23. Qa5 e6 24. O-O Kg7 25. Rac1 Rd7 26. Qd2 1-0

[Event "Challenge"]
[Site "http://www.queenalice.com/game.php?id=1823123"]
[Date "2023.10.16"]
[Round "-"]
[White "TheGM"]
[Black "ClivetheBeard"]
[Result "0-1"]
[WhiteElo "2201"]
[BlackElo "2703"]

1. e4 e5 2. d4 exd4 3. Nf3 Bb4+ 4. Nbd2 Nc6 5. Bd3 Nf6 6. O-O O-O 7. e5 Ng4 8.
a3 Be7 9. Re1 d6 10. exd6 cxd6 11. Nb3 Bh4 12. Rf1 Re8 13. h3 Nge5 14. Nbxd4
Nxd3 15. Qxd3 Ne5 16. Qb3 Bf6 17. Rd1 a6 18. Be3 Qc7 19. Nd2 b5 20. Ne4 Bh4 21.
Qc3 Qxc3 22. Nxc3 Nc4 23. Bc1 Nb6 24. b3 Bf6 25. Bf4 Bb7 0-1

[Event "AUTO-ELITE-2501"]
[Site "http://www.queenalice.com/game.php?id=1823570"]
[Date "2023.10.22"]
[Round "1"]
[White "ichtus"]
[Black "TheGM"]
[Result "1-0"]
[WhiteElo "2844"]
[BlackElo "2119"]

1. Nf3 d5 2. d4 e6 3. Bg5 Be7 4. Bxe7 Qxe7 5. c3 Nf6 6. Nbd2 Nbd7 7. e3 O-O 8.
Bd3 e5 9. dxe5 Nxe5 10. Nxe5 Qxe5 11. Nf3 Qe7 12. O-O c5 13. c4 Be6 14. Qc2 1-0

[Event "AUTO-ELITE-2501"]
[Site "http://www.queenalice.com/game.php?id=1823571"]
[Date "2023.10.22"]
[Round "1"]
[White "TheGM"]
[Black "ichtus"]
[Result "0-1"]
[WhiteElo "2119"]
[BlackElo "2843"]

1. e4 c5 2. Nf3 d6 3. d4 cxd4 4. Nxd4 Nf6 5. Nc3 g6 6. Be3 Bg7 7. f3 O-O 8. Qd2
Nc6 9. O-O-O d5 10. exd5 Nxd5 11. Nxc6 bxc6 0-1

[Event "AUTO-ELITE-2503"]
[Site "http://www.queenalice.com/game.php?id=1824150"]
[Date "2023.10.29"]
[Round "1"]
[White "Sexxy_Bunny"]
[Black "TheGM"]
[Result "1-0"]
[WhiteElo "2720"]
[BlackElo "2131"]

1. e4 e5 2. Nf3 Nc6 3. Bb5 Nf6 4. O-O Nxe4 5. d4 Nd6 6. Bxc6 dxc6 7. dxe5 Nf5 8.
Qxd8+ Kxd8 9. Nc3 Be7 10. Rd1+ Ke8 11. Bg5 Bxg5 12. Nxg5 h6 13. Nf3 Be6 14. Rd2
Rd8 15. Rad1 Rxd2 16. Rxd2 g5 17. h3 Ne7 18. h4 g4 19. Nd4 Bc8 20. h5 Nf5 21.
Ne4 Ng7 22. Nf6+ Ke7 23. Kh2 Ne8 24. Ne4 1-0

[Event "AUTO-ELITE-2503"]
[Site "http://www.queenalice.com/game.php?id=1824151"]
[Date "2023.10.29"]
[Round "1"]
[White "TheGM"]
[Black "Sexxy_Bunny"]
[Result "0-1"]
[WhiteElo "2131"]
[BlackElo "2719"]

1. e4 c5 2. Nf3 d6 3. d4 cxd4 4. Nxd4 Nf6 5. Nc3 a6 6. Be3 e5 7. Nb3 Be6 8. h3
Be7 9. f4 exf4 10. Bxf4 O-O 11. Qf3 Nbd7 12. O-O-O Rc8 13. g4 h6 14. Kb1 Re8 15.
Be2 b5 16. Rhg1 g5 17. Bg3 Qc7 18. Bd3 Ne5 19. Bxe5 dxe5 20. h4 Kg7 21. hxg5
hxg5 22. Qe3 Nxg4 23. Qf3 Nh6 24. Nd5 Qd6 0-1